Business legislation for management / (Record no. 41014)
[ view plain ]
| 000 -LEADER | |
|---|---|
| fixed length control field | 01531nam a22002774a 4500 |
| 005 - DATE AND TIME OF LATEST TRANSACTION | |
| control field | 2010081100240.0 |
| 010 ## - LCCN (DPL NO) | |
| LC control number | ENG-99507 B-426373-375 |
| 020 ## - INTERNATIONAL STANDARD BOOK NUMBER | |
| Terms of availability | 290.00 |
| International Standard Book Number | 9788125933007 |
| 035 ## - SYSTEM CONTROL NUMBER | |
| System control number | EN-83039 B-426373-375 |
| 037 ## - SOURCE OF ACQUISITION | |
| Source of stock number/acquisition | DBAD/PUB |
| 037 ## - SOURCE OF ACQUISITION | |
| Source of stock number/acquisition | RBC/Ven |
| 082 ## - DEWEY DECIMAL CLASSIFICATION NUMBER | |
| Classification number | 343.94307 |
| 100 ## - MAIN ENTRY--PERSONAL NAME | |
| Personal name | Kuchhal, M. C. |
| 245 ## - TITLE STATEMENT | |
| Title | Business legislation for management / |
| Statement of responsibility, etc | by M. C. Kuchhal [and] Deepa Prakash |
| Remainder of title | |
| 250 ## - EDITION STATEMENT | |
| Edition statement | 2nd ed. |
| 260 ## - PUBLICATION, DISTRIBUTION, ETC. (IMPRINT) | |
| Place of publication, distribution, etc | New Delhi |
| Name of publisher, distributor, etc | Vikas Pub. House |
| Date of publication, distribution, etc | 2010 |
| 270 ## - ADDRESS | |
| Address | 576, Nasjid Road, Jangpura |
| City | New Delhi |
| Postal code | 110014 |
| 300 ## - PHYSICAL DESCRIPTION | |
| Extent | xiii, 649 p. |
| Dimensions | 22cm (Pbk) |
| 700 ## - ADDED ENTRY--PERSONAL NAME | |
| 9 (RLIN) | 10698 |
| Personal name | Deepa Prakash |
| 942 ## - ADDED ENTRY ELEMENTS (KOHA) | |
| Source of classification or shelving scheme | Dewey Decimal Classification |
| Item type | English Books |
| Call number suffix | KUC |
| Classification part | 343.94307 |
| Withdrawn status | Lost status | Not for loan | Collection code | Home library | Current library | Date acquired | Cost, normal purchase price | Full call number | Barcode | Copy number | Cost, replacement price | Koha item type | Source of acquisition |
|---|---|---|---|---|---|---|---|---|---|---|---|---|---|
| Non-fiction | Bawana | Bawana | 13/07/2011 | 315.00 | 343.94307 KUC | B-426375 | 1 | 315.00 | English Books | RBC/22387/14.3.11/76/4.3.11/28.3.11 | |||
| Not For Loan | Non-fiction | D.B.Act.Division | D.B.Act.Division | 11/08/2010 | 290.00 | 343.94307 KUC | EN-83039 | 1 | 290.00 | English Books | |||
| Non-fiction | Patel Nagar | Patel Nagar | 13/07/2011 | 315.00 | 343.94307 KUC | B-426373 | 1 | 315.00 | English Books | RBC/22387/14.3.11/76/4.3.11/28.3.11 | |||
| Non-fiction | Sarojini Nagar | Sarojini Nagar | 13/07/2011 | 315.00 | 343.94307 KUC | B-426374 | 1 | 315.00 | English Books | RBC/22387/14.3.11/76/4.3.11/28.3.11 |
